Описание рукописей Самаритянского пятикнижия, хранящихся в Императорской Публичной библиотеке. [Вып. 2: Описание пергаментных кодексов, содержащих текст Пятикнижия с переводом или один только перевод | Варианты к Самаритянскому Таргуму] (Запись № 2680031)

Подробности
000 -МАРКЕР
контрольное поле 01897nam2a22003491 4500
001 - ИДЕНТИФИКАТОР ЗАПИСИ
контрольное поле v19\rc\1452633
005 - ИДЕНТИФИКАТОР ВЕРСИИ
контрольное поле 20250618141325.0
035 ## - ДРУГИЕ СИСТЕМНЫЕ НОМЕРА
Идентификатор записи (NLR Aleph) 004592761
100 ## - ДАННЫЕ ОБЩЕЙ ОБРАБОТКИ
Данные общей обработки 20060620d1874 |||y0rusy50 ca
101 0# - ЯЗЫК РЕСУРСА
Язык текста, звукозаписи и т.д. русский
102 ## - СТРАНА ПУБЛИКАЦИИ ИЛИ ПРОИЗВОДСТВА
Страна публикации Российская Федерация
105 ## - ПОЛЕ КОДИРОВАННЫХ ДАННЫХ: ТЕКСТОВЫЕ МАТЕРИАЛЫ, МОНОГРАФИЧЕСКИЕ
Кодированные данные о монографическом текстовом документе y z |||||
200 1# - ЗАГЛАВИЕ И СВЕДЕНИЯ ОБ ОТВЕТСТВЕННОСТИ
Основное заглавие Описание пергаментных кодексов, содержащих текст Пятикнижия с переводом или один только перевод
-- Варианты к Самаритянскому Таргуму]
210 ## - ПУБЛИКАЦИЯ, РАСПРОСТРАНЕНИЕ И ДР.
Дата издания, распространения и т.д. 1874
Место издания, распространения и т.д. Б. м.
215 ## - ФИЗИЧЕСКАЯ ХАРАКТЕРИСТИКА
Специфическое обозначение материала и объем [4], 241-536 с.
300 ## - ОБЩИЕ ПРИМЕЧАНИЯ
Текст примечания На обл. дата: 1875
316 ## - ПРИМЕЧАНИЯ ОБ ОСОБЕННОСТЯХ ЭКЗЕМПЛЯРА
Текст примечания Экз. РНБ (Б, 6044/Г204): деф.: нет обл. и тит. л.
Организация и экземпляр, к которому относится поле NLR: Б, 6044/Г204
461 #0 - УРОВЕНЬ НАБОРА
Встроенное поле 001v19\rc\1452631
-- 2001#$aОписание рукописей Самаритянского пятикнижия, хранящихся в Императорской Публичной библиотеке$fСост. А.Я. Гаркави. [Вып. 1-2]$v[Вып. 2
-- 700#1$aГаркави$bА. Я.$f1835-1919$gАвраам Яковлевич$3RU\NLR\AUTH\7723050$4220
Системный номер (АБИС) связанной записи 2680012
Автор Гаркави, А. Я. (1835-1919)
Место публикации Санкт-Петербург
Дата публикации 1874-1875
Первые сведения об ответственности Сост. А.Я. Гаркави. [Вып. 1-2]
Имя издателя, распространителя и т.д. тип. Имп. Акад. наук
Физическая характеристика 2 т.
Заглавие Описание рукописей Самаритянского пятикнижия, хранящихся в Императорской Публичной библиотеке
Номер тома [Вып. 2
801 #0 - ИСТОЧНИК ЗАПИСИ
Страна Российская Федерация
Организация NLR
Правила каталогизации psbo
801 #0 - ИСТОЧНИК ЗАПИСИ
Страна Российская Федерация
Организация RuMoRGB
Источник данных psbo
801 #1 - ИСТОЧНИК ЗАПИСИ
Страна Российская Федерация
Организация ProSoft-M
Источник данных rusmarc
852 ## - МЕСТОНАХОЖДЕНИЕ И ШИФР ХРАНЕНИЯ
Идентификатор организации NLR
Наименование фонда или коллекции (Sub-Location Identifier) Б
Шифр хранения (Call Number) 6044/Г204
899 ## - ДАННЫЕ О МЕСТОНАХОЖДЕНИИ (устаревшее)
Местонахождение RuMoRGB
Шифр хранения R 14/178
899 ## - ДАННЫЕ О МЕСТОНАХОЖДЕНИИ (устаревшее)
Местонахождение RuMoRGB
Шифр хранения W 282/485
899 ## - ДАННЫЕ О МЕСТОНАХОЖДЕНИИ (устаревшее)
Местонахождение RuMoRGB
Шифр хранения W 469/90
899 ## - ДАННЫЕ О МЕСТОНАХОЖДЕНИИ (устаревшее)
Местонахождение БАН
899 ## - ДАННЫЕ О МЕСТОНАХОЖДЕНИИ (устаревшее)
Местонахождение НБ МГУ
899 ## - ДАННЫЕ О МЕСТОНАХОЖДЕНИИ (устаревшее)
Местонахождение RuMoRGB
Шифр хранения W 268/82
942 ## - ДОПОЛНИТЕЛЬНЫЕ ЭЛЕМЕНТЫ ЗАПИСИ (АБИС)
Тип экземпляра АБИС Книга
980 ## - КОЛЛЕКЦИЯ
Название коллекции Национальная библиография
Экземпляры
Тип экземпляра Дата поступления Библиотека постоянного хранения Библиотека текущего хранения Место хранения Шифр хранения Штрих-код Статус экземпляра
Книга 26.10.2013 РНБ (Московский) РНБ (Московский) Неопределен, для заказа не доступен, в ЭК виден   4592761-60  
Книга 26.10.2013 РНБ (Московский) РНБ (Московский) Неопределен, для заказа не доступен, в ЭК виден   4592761-70  
Книга 26.10.2013 РНБ (Садовая) РНБ (Садовая) Фонд литературы по библиотековедению Б 6044/Г204 4592761-10